| 000 | 00465nam a2200169 4500 | ||
|---|---|---|---|
| 001 | 127049 | ||
| 003 | ES-MaACL | ||
| 005 | 20250704063118.0 | ||
| 007 | t| | ||
| 008 | 070214s1907 fr r ||||1| fre d | ||
| 100 | 1 |
_aRibot, Théodule, _d1839-1916 _996838 |
|
| 245 | 1 | 0 |
_aEssai sur les passions / _cpar Th. Ribot. |
| 260 |
_aParis : _bFélix Alcan, _c1907. |
||
| 300 |
_aVII, 192 p. ; _c22 cm. |
||
| 852 |
_aES-MaACL _jB-7062 |
||
| 999 |
_c127049 _d127049 |
||